Online
Catalog

Obras escogidas de Juan de Jesús Reyes / (Record no. 28348)

MARC details
000 -CABECERA
campo de control de longitud fija 00739nam a2200181 a 4500
001 - NÚMERO DE CONTROL
campo de control 000028856
005 - FECHA Y HORA DE LA ÚLTIMA TRANSACCIÓN
campo de control 20200930055159.0
008 - DATOS DE LONGITUD FIJA--INFORMACIÓN GENERAL
campo de control de longitud fija 110412s1989 dr 000 p spa d
040 ## - FUENTE DE LA CATALOGACIÓN
Centro catalogador/agencia de origen DO-SdBNP
Lengua de catalogación spa
Centro/agencia transcriptor BNPHU
082 ## - NÚMERO DE LA CLASIFICACIÓN DECIMAL DEWEY
Número de clasificación xxx
Número de documento/Ítem R457o
049 ## - FONDOS LOCALES (OCLC)
Fondos de biblioteca BNPD
100 1# - ENTRADA PRINCIPAL--NOMBRE DE PERSONA
Nombre de persona Reyes, Juan de Jesús
Fechas asociadas al nombre 1872-1962
9 (RLIN) 55837
245 10 - MENCIÓN DE TÍTULO
Título Obras escogidas de Juan de Jesús Reyes /
Mención de responsabilidad, etc. Juan de Jesús Reyes.
260 ## - PUBLICACIÓN, DISTRIBUCIÓN, ETC.
Lugar de publicación, distribución, etc. Santo Domingo :
Nombre del editor, distribuidor, etc. Oficina Nacional de Administración y Personal (ONAP) :
-- Feria del Libro y la Cultura,
Fecha de publicación, distribución, etc. 1989.
300 ## - DESCRIPCIÓN FÍSICA
Extensión iv, 65 p. ;
Dimensiones 21 cm.
533 ## - NOTA DE REPRODUCCIÓN
Tipo de reproducción Reproducción facsimilar
Lugar de la reproducción Santiago, República Dominicana
Institución responsable de la reproducción Editorial la Información,
Fecha de la reproducción 1949.
500 ## - NOTA GENERAL
Nota general Incluye datos biograficos del autor en la solapa de la contracubierta
Holdings
Estado de retiro Estado de pérdida Restricciones de uso No para préstamo Código de colección Localización permanente Ubicación/localización actual Ubicación en estantería Fecha de adquisición Número de inventario Total de préstamos Signatura topográfica completa Código de barras Fecha visto por última vez Precio válido a partir de Tipo de ítem Koha Número de copia
        Patrimonio Dominicano Patrimonio Dominicano Patrimonio Dominicano En catalogación 12.04.2011 LF1   xxx R457o 28856-10 25.06.2020 25.06.2020 Libro y Folleto Colección Patrimonio Dominicano  
      Préstamo restrigido Patrimonio Dominicano Patrimonio Dominicano Patrimonio Dominicano En catalogación 12.04.2011 LF1   xxx R457o 28856-20 25.06.2020 25.06.2020 Libro y Folleto Colección Patrimonio Dominicano e. 2

Powered by Koha